000 006660000a22002290004500
003 LK-CoMWRAF
005 20230915205853.0
008 230817t2002 ||||| |||| 00| 0 eng d
020 _a0825424003
040 _aLK-CoMWRAF
_dLK-CoMWRAF
_eLK-CoMWRAF
041 _aeng
082 _a297
_bCAN
100 _aCaner, Ergun Mehmet
100 _aCaner, Emir Fethi
245 _aUnveiling Islam :
_bAn insider's look at Muslim life and beliefs
260 _bKregel,
_c2002
300 _a251p
650 _aIslam -- Controversial literature
650 _aIslam -- Relations -- Christianity
650 _aChristianity and other religions -- Islam;
942 _cBK
999 _c1206
_d1206